000 00763nam a2200217 a 4500
001 000296462
003 AM-YeHGA
005 20250618071923.0
008 031222s1988 ai |||||||||||||||1|arm|d
020 _a5807700392
040 _aAM-YeHGA
041 0 _aarm
100 1 _aՍևոյան, Հրաչիկ Եզեկիմի,
_d1931-1993
_92102
245 1 0 _aԱզնվության վկան :
_bԼեգենդներ, առակներ, զրույցներ /
_cՀ.Ե. Սևոյան ; Խմբ.՝ Գ.Ս. Օհանյան.
260 _aԵրևան :
_bԱրևիկ,
_c1988.
300 _a142 էջ ;
_c16 սմ.
650 1 4 _aՀայ գրականություն
700 1 _aՕհանյան, Գևորգ Սմբատի,
_d1935-2016
_eխմբ.
_4edt
_92842
942 _2udc
_cBK
090 _c110159
999 _c108827
_d108827